000
00220nam a2200097 a 4500
005
20200930065944.0
008
110805s1912 000 spa d
245
0
_a
Páginas efímeras.
260
_c
1912.
999
_c
32477
_d
32477
040
_a
DO-SdBNP